[Event "Tashkent FIDE GP 2nd"]
[Site "Tashkent"]
[Date "2012.12.04"]
[Round "11"]
[White "Karjakin, Sergey"]
[Black "Ponomariov, Ruslan"]
[Result "1-0"]
[WhiteElo "2775"]
[BlackElo "2741"]
[Annotator "Marin,M"]
[PlyCount "155"]
[EventDate "2012.11.22"]
[EventType "tourn"]
[EventRounds "11"]
[EventCountry "UZB"]
[EventCategory "20"]
[SourceTitle "CBM 152"]
[Source "ChessBase"]
[SourceDate "2013.01.15"]
[SourceVersion "1"]
[SourceVersionDate "2013.01.15"]
[SourceQuality "1"]

1. e4 c5 2. Nf3 Nc6 3. d4 cxd4 4. Nxd4 Nf6 5. Nc3 e5 6. Ndb5 d6 7. Bg5 a6 8.
Na3 b5 9. Nd5 Be7 10. Bxf6 Bxf6 11. c4 {In the early days of the Sveshnikov
System, this resolute move was hardly taken seriously, mainly because White
irrevocably weakens the d4- and c5-squares. Practice of the past years has
shown that it is not that simple for Black to take advantage of his trumps. If
his blocking plan fails, he will find himself in a worse endgame, with just
another pawn (b4) on a dark square.} b4 12. Nc2 O-O 13. g3 Be6 {There are
several ways of dealing with the potentially "bad bishop".} ({Some players
prefer activating it at once with} 13... Bg5 {, thus freeing the queen from
the task of defending it.} 14. Bg2 Qa5 15. O-O Qc5 16. b3 Be6 $2 {This kind of
carelessness is typical for blitz chess.} ({Black should have prepared the
bishop's development with} 16... Rb8) 17. h4 $2 ({Missing his chance:} 17. Nc7
Ra7 18. Nxe6 fxe6 19. Qg4 Raf7 20. Qxe6 Kh8 21. Kh1 $1 $16 Rxf2 $2 22. Rxf2
Qxf2 23. Rf1 $18) 17... Bh6 18. Nde3 $6 {Allowing Black to solve all his
strategic problems.} Bxe3 $1 19. Nxe3 a5 {with excellent play, Balogh,C (2616)
-Wang Yue (2736)/Beijing (blitz) 2008/CBM 126 Extra (0-1, 50)}) 14. Bg2 ({
Alternatively, White can prevent ...Bg5 with:} 14. h4 a5 15. Bg2 Re8 16. Qd3
Rb8 17. Bh3 Be7 {Freeing the queen takes a bit more time than in the previous
example, which compensates for White's tempo spent on h2-h4.} 18. Kf1 Qc8 19.
Kg2 Bd8 20. Rad1 Qb7 21. b3 Bb6 $6 {In this concrete position, exchanging this
bishop does not work out well. White is better mobilised and the pressure
against d6 makes it difficult for Black to maintain the blockade on c5.} ({
Actually, the bishop stands well on d8, controlling the d5-knight and being
prepared to defend d6 if the knight retreats. Therefore, a neutral move such as
} 21... Ra8 $5 {preparing ...a5-a4 deserves attention.}) 22. Bxe6 fxe6 23. Nxb6
Qxb6 24. Rd2 $14 Rbd8 {A bit passive, since the threat against d6 is not real
yet.} (24... a4 $5 25. Qxd6 $2 Rbd8 $19) 25. Rhd1 Nb8 {Black is still dreaming
of installing the knight on c5, but this is not realistic. The temporary
knight retreat to a passive square allows White to develop his initiative.} (
25... Rd7 $5) 26. Qe3 ({The pawn break} 26. c5 $1 {which Nisipeanu will carry
out later was already possible.} Qxc5 27. Ne3 Nc6 28. Rc2 Qb6 29. Nc4 $16 {
[%cal Gc4d6]}) 26... Qc6 27. Ne1 Rd7 (27... Na6 28. Nd3 $16) 28. Nf3 Qc7 (28...
Red8 29. c5 Qxc5 30. Qxc5 dxc5 31. Rxd7 Rxd7 32. Rc1 Rc7 33. Nxe5 $16) 29. Qg5
Ree7 30. c5 $1 $18 dxc5 (30... Qxc5 31. Rxd6 $1 $18) 31. Rxd7 Rxd7 32. Rxd7
Nxd7 33. Qe7 $18 {Nisipeanu,L (2683)-Spasov,V (2621)/Baile Herculane 2010/CBM
138 Extra (1-0, 41)}) 14... Bg5 ({And here is another example from Nisipeanu's
recent practice:} 14... a5 15. O-O Rc8 16. Qd3 g6 17. Nxf6+ Qxf6 18. b3 Qe7 19.
Rad1 Rfd8 20. h4 {Nisipeanu,L (2672)-Radjabov,T (2740)/Medias 2010/CBM 137/
[Nisipeanu] (1-0, 39)}) 15. O-O Qb8 (15... a5 {Anand,V (2791)-Gelfand,B (2727)/
Moscow 2012/CBM 149/[Krasenkow] (1/2, 27)}) 16. b3 a5 {So far, both sides have
manoeuvred in the spirit of existing theory, but now comes a surprise.} 17. f4
$5 $146 {Not only a new move, but also an unusual concept. White gains space
and obstructs the c1-h6 diagonal at the cost of allowing Black to get rid of
one of his pawns placed on a dark square.} (17. Nde3 Rd8 18. Nf5 g6 19. h4 Bf6
20. Nfe3 h5 21. Kh2 Bg7 22. Bh3 Qa7 23. Qe2 Nd4 24. Qd3 Qc5 $11 {Salgado Lopez,
I (2623)-Tregubov,P (2596)/Forni di Sopra 2012 (1/2, 68)}) 17... Bd8 {As we
can see from the next comment, Black does not need to consider exchanging on
f4 yet.} 18. Kh1 (18. f5 Bxd5 19. exd5 Nd4 20. Nxd4 Qa7 $1 {is at least fine
for Black.}) 18... Ra7 ({The merits of} 18... exf4 {largely depend on the
final evaluation of the next variation.}) 19. Qh5 (19. f5 Bxd5 20. exd5 Nd4 21.
Nxd4 exd4 22. f6 $1 {Otherwise, the bishop would return to f6 with better
chances for Black.} Bxf6 23. Rxf6 gxf6 24. Be4 f5 25. Bxf5 Qb6 26. Qh5 f6 27.
Re1 d3 $132 {[%cal Gb6d4] White's initiative looks dangerous, but Black is
kicking back.}) 19... f6 $6 {After this "ugly" move, ...exf4 becomes
unappealing, which allows White prepare the kingside attack based on f4-f5 at
his leisure.} ({There seems to be nothing wrong with} 19... exf4 20. gxf4 a4
$132 {Black has started some queenside counterplay already, while the kingside
attack does not look too promising:} 21. f5 Bxd5 22. exd5 Ne5 23. f6 Bxf6 24.
Rxf6 gxf6 25. Nd4 Ng6 26. Nc6 (26. Nf5 Kh8) 26... Qb6 27. Nxa7 Qxa7 $15) ({
Actually, the immediate} 19... a4 {is worth mentioning, since after} 20. f5 {
Black can reduce White's attacking potential with the intermediate} axb3 $1)
20. Rad1 Ne7 {Black relies too much on the solid character of his position and
does not care about starting his counterplay.} (20... a4 $5) 21. Nce3 Bb6 22.
Nxb6 Qxb6 23. Rd3 Qc5 24. Qd1 Rd8 25. f5 $1 Bf7 26. g4 $40 {After thorough
regrouping, White switches to the main plan: a massive kingside attack!
Black's position is critical already.} a4 27. g5 axb3 (27... fxg5 28. Qg4 h6
29. h4 $40) 28. axb3 Kf8 29. Qg4 ({The move order} 29. gxf6 gxf6 30. Qg4 {
was possible, but not necessary (see the next comment)}) 29... Rda8 (29... Ng8
{, hoping to capture on f6 with the knight fails to} 30. g6 $1 hxg6 31. fxg6
Be8 (31... Nh6 32. Qh4 Bxg6 33. Nd5 {[%csl Gf6][%cal Gd3g3]}) 32. Qh5 Bd7 33.
Bh3 $18) 30. gxf6 gxf6 31. Qh4 Ng8 32. Ng4 (32. Bf3 Ra1 33. Bd1 $18 {[%cal
Gf1g1,Gh4g3]}) 32... Ke7 33. Qxh7 $16 {White is a pawn up and the black king
is exposed. besides, the black knight has problems getting back into the game.
Black's control over the dark squares offers him just a feeble consolation.}
Ra1 34. Ne3 Kf8 35. Qh4 R8a2 36. Qg3 Qc6 37. h3 Rxf1+ 38. Nxf1 Ra1 39. Kh2 Ra2
40. Qe1 Bh5 (40... Qc5 41. Ne3 $18 {[%cal Gd3d2,Ge3c2]}) 41. Ng3 Be8 42. Qxb4
Qc5 43. Qe1 Bc6 44. Nf1 Nh6 45. Qh4 Nf7 46. Qe1 Ke7 47. h4 Nh6 48. Rd2 Qa5 49.
Kh3 Ra3 50. Qg3 Nf7 51. Rd3 Qa8 52. Ne3 Qh8 53. c5 Ra2 $6 (53... dxc5 54. Nc2 (
54. Nc4 Ra2 $14) 54... Ra5 (54... Ra2 55. Qf2 Ra5 56. b4 cxb4 57. Qb6 $18) (
54... Ng5+ 55. Kg4 $18) 55. Qe1 Qa8 56. Rg3 $16) 54. cxd6+ Nxd6 55. Nd5+ Bxd5
56. Rxd5 Qc8 57. b4 Rc2 58. Kh2 Qc4 59. Rc5 Qe2 60. Qg8 Nf7 61. Rxc2 Qxc2 62.
Qb8 Qd2 63. Qa7+ Kf8 64. Qc5+ Kg7 65. b5 Nh6 66. Qe7+ Nf7 67. Qa3 Nd6 68. b6
Nxe4 69. Qf3 Nd6 70. b7 Qb4 71. Qh5 Nf7 72. Bd5 Nh8 73. Kh3 Qb1 74. Qg4+ Kh6
75. Qf3 Qb6 76. Qb3 Qf2 77. b8=Q Qxf5+ 78. Kh2 1-0

[Event "Norway Chess 1st"]
[Site "Stavanger"]
[Date "2013.05.10"]
[Round "3"]
[White "Karjakin, Sergey"]
[Black "Wang, Hao"]
[Result "1-0"]
[WhiteElo "2767"]
[BlackElo "2743"]
[Annotator "Szabo,Kr"]
[PlyCount "77"]
[EventDate "2013.05.08"]
[EventType "tourn"]
[EventRounds "9"]
[EventCountry "NOR"]
[EventCategory "21"]
[SourceTitle "CBM 155"]
[Source "ChessBase"]
[SourceDate "2013.07.16"]
[SourceVersion "1"]
[SourceVersionDate "2013.07.16"]
[SourceQuality "1"]

1. e4 c5 2. Nf3 d6 3. d4 cxd4 4. Nxd4 Nf6 5. Nc3 Nc6 6. Bg5 e6 7. Qd2 Be7 8.
O-O-O Nxd4 9. Qxd4 O-O 10. f4 Bd7 11. Bc4 Qa5 12. e5 dxe5 13. fxe5 Bc6 14. Bd2
Nd7 15. Nd5 Qc5 16. Nxe7+ Qxe7 17. Rhe1 Nb6 18. Bf1 Rfd8 19. Qf4 {Karjakin's
favourite move.} (19. Qg4 {is the main line.}) 19... Rac8 20. Kb1 $146 {
The first novetly in the game. A very logical move, removing the king from the
c-file.} ({In 2007 Karjakin himself played} 20. Bb4 Rxd1+ (20... Qe8 21. Rxd8
Rxd8 22. c4 Nc8 23. Re3 Ne7 24. Ra3 a6 25. g3 Bh1 26. Rd3 Rc8 27. Rc3 Ng6 28.
Qd4 Qc6 29. h4 h6 30. b3 Bg2 31. Be2 Bh1 32. Kb2 $14 {and White is slightly
better, Alekseev-Cs.Balogh, Germany 2007.}) 21. Rxd1 Qe8 22. Qd4 Nd5 23. Bd6 b5
24. Bd3 Qd8 25. Kb1 a6 26. Rf1 Qd7 {(Karjakin-Miroshnichenko, Evpatoria 2007)}
27. g4 $14 {and White has a very comfortable position.}) 20... Ba4 $6 {An
inaccuracy. After this White gains some important tempi.} (20... Rd5 21. c4 Rd7
22. Bc1 {with a typical middlegame.}) 21. b3 Qc5 22. c4 Rd4 $2 {Black
continues the wrong plan.} (22... Bc6 23. Bc3 $14 {and White has a promising
position.}) 23. Be3 {Maybe not the best move, but White is also better after
this.} (23. Qf2 $1 {was the strongest answer, because of} Rcd8 24. Bc1 $1 Bc6
25. Rd2 $1 $18 {and the black Q can't go out from the pin, so the d4 R will be
lost.}) 23... Rxf4 24. Bxc5 Bc6 25. Kb2 $16 {In this endgame White has a clear
advantage, because he has the pair of B, his R controls the d-file and he
threatens a dangerous P advance on the Q side.} h5 {Threatens Bxg2.} ({The
immediate} 25... Bxg2 $2 {doesn't work, as Black gets mates on his back rank.}
26. Bxg2 Rxc5 27. Rd8#) 26. g3 Rg4 27. Be3 Bf3 28. Rd4 Rxd4 29. Bxd4 g5 30. a4
$1 {Karjakin starts with his P advance.} Rd8 31. Kc3 Nc8 32. b4 a6 33. Bc5 g4
34. b5 axb5 35. axb5 Kg7 36. Bd3 f5 37. exf6+ Kxf6 38. Bd4+ Kf7 39. h4 {
Black's position is completely hopeless, so he didn't want to continue the
game.} 1-0